000 00691nam a22001577a 4500
003 OSt
005 20151006083056.0
008 151006b xxu||||| |||| 00| 0 eng d
040 _cRUA
082 _aAVM PEN 2004 B074 Or.1
100 _92086
_aPEN, SOMONY.
245 _asurvey on managing and processing of cow and buffalo hides at meanchey district, phnom penh ( ការអង្កេតលើការគ្រប់គ្រង និង កែច្នៃផលិតផលស្បែកគោ ក្របី នៅខណ្ឌមានជ័យ រាជធានីភ្នំពេញ)
260 _aPhnom Penh
_bRUA
_c2004
300 _axi, 42p.
_bill.
_c29cm.
942 _2ddc
_cAVM
999 _c1970
_d1970